000 00660nam a2200241Ia 4500
003 OSt
005 20220928132639.0
006 a|||||r|||| 00| 0
007 ta
008 220927b |||||||| |||| 00| 0 eng d
024 _a60031
037 _cTextual
040 _aSDCL
_cSDCL
_beng
041 _2eng
_aeng
082 _aR6941x3,4, M0
100 _aVasubandhu
_9418393
245 0 _aVijnapti - Matrata - Siddhi .
260 _aVaranasi
_bKishor Vidya Niketan
_c1980
300 _axxxx257p.
_ccm.
700 _a Chatterjee K N
_9482545
942 _hR6941x3,4, M0
_cTEXL
_2CC
999 _c795288
_d795288